The Voice (U.S.) Coaches by Picture Quiz - Statistics

General Stats
  • This quiz has been taken 92 times
    20 since last reset
  • The average score is 19 of 23
Answer Stats
Picture Hint Answer % Correct
1-16,27,29 Adam Levine
94%
21 Ariana Grande
94%
1-23 Blake Shelton
94%
7,9,12,17,19,22,24,26 Gwen Stefani
94%
16-22,24-25,27,29 John Legend
94%
14-21,23,29 Kelly Clarkson
94%
11,13 Miley Cyrus
94%
4,6 Shakira
94%
4,6 Usher
94%
11-12,14 Alicia Keys
88%
18,20 Nick Jonas
88%
7-10 Pharrell Williams
88%
13,15 Jennifer Hudson
81%
23-24,28 Niall Horan
81%
24-26,28 Reba McEntire
81%
26,28 Snoop Dogg
81%
22 Camila Cabello
75%
1-3,5 CeeLo Green
75%
1-3,5,8,10 Christina Aguilera
75%
26-28 Michael Bublé
75%
23,25 Chance The Rapper
69%
25 Dan + Shay
50%
27 Kelsea Ballerini
25%
No matching quizzes found
Score Distribution
Percent of People with Each Score
Percentile by Number Answered
Your Score History
You have not taken this quiz since the last reset